00927nam a22002657a 450000500170000001000130001702000230003003500130005303700160006604000120008208200180009410000280011224500920014025000110023226000450024327000470028830000340033550000190036965000400038865000310042870000270045994200270048699900190051395201290053220170124110211.0 aA-817173 c295.00a8120309855 aA-817173 bCen Lib/Ret aDPLbEN a621.3815bTOC aTocci, Ronald J.938130 aDigital systems :cby Ronald J.Tocci [and] Neal S.Widmerbprinciples and applications / a6th ed aNew DelhibPrentice Hall of India c1995 aM-97, Connaught Circus bNew Delhie110001 axviii,827p. :c27cm(Hb)bill. aIncludes index aDigital electronic equipment938131 aDigital electronics920485 aWidmer, Neal S.938132 2ddccENh621.3815mTOC c133508d133508 00104070aLbLd2015-07-27eCen Lib/Retg295.00l0o621.3815 TOCpA-817173r2015-07-27 00:00:00t1v295.00w2015-07-27yEN